Mt Shasta - Statistics

General Stats
  • This quiz has been taken 5 times
  • The average score is 5 of 7
Answer Stats
Hint Answer % Correct
Whats State is Mt Shasta Located in? California
100%
Is Mt Shasta Active? Yes
100%
What Interstate does Mt Shasta loom over? Interstate 5
67%
What is the other City about 6 Miles West of Mt Shasta? Mount Shasta
67%
What is one of the Two Cities about 6 Miles West of Mt Shasta? Weed
67%
How Tall is Mt Shasta? 14,180
33%
When Did Mt Shasta Last Erupt? 1786
33%
No matching quizzes found
Score Distribution
Percent of People with Each Score
Percentile by Number Answered
Your Score History
You have not taken this quiz